Tavèrnoles : un cop d'ull / un cop d'ull /
MARC
| LEADER | 00000nam a2200000 i 4500 | ||
|---|---|---|---|
| 001 | 25169 | ||
| 005 | 20260324180726.0 | ||
| 008 | 220125e202007 spc|||| |||| 0|0 0 cat| | ||
| 015 | |a LL2022 |2 bnc | ||
| 017 | |a DL B 8731-2020 |b Biblioteca de Catalunya | ||
| 020 | |a 9788412196825 | ||
| 040 | |a ES-BaBC |b cat |e rda |c ES-BaBC | ||
| 043 | |a e-sp--- |b e-spcos |2 catmarc | ||
| 080 | |a 910.4 |x (460.23 Os Tavèrnoles) |2 2004 | ||
| 100 | 1 | |a Vila i Vilalta, Lluís, |e autor | |
| 245 | 1 | 0 | |a Tavèrnoles : |b un cop d'ull / |c text: Lluís Vila i Vilalta ; fotografies: Jordi Vila Tuneu |
| 250 | |a 1a edició | ||
| 264 | 1 | |a Prats de Lluçanès : |b Editorial Cal Siller, |c juliol de 2020 | |
| 300 | |a 127 pàgines : |b il·lustracions ; |c 25 cm | ||
| 336 | |a text |b txt |2 rdacontent | ||
| 336 | |a imatge fixa |b sti |2 rdacontent | ||
| 337 | |a sense mediació |b n |2 rdamedia | ||
| 338 | |a volum |b nc |2 rdacarrier | ||
| 504 | |a Bibliografia | ||
| 651 | 7 | |a Tavèrnoles (Catalunya) |x Descripcions i viatges. |2 lemac | |
| 700 | 1 | |a Vila Tuneu, Jordi, |e fotògraf (expressió) | |
| 908 | |a BC | ||
| 940 | |a BC | ||
| 942 | |2 udc |c ARXIU |n 1 | ||
| 952 | |0 0 |1 0 |4 0 |6 BIB441 |7 1 |9 61014 |a Arxiu |b Arxiu |d 2022-02-22 |l 0 |o Bib-441 |p 25169 |r 2022-02-22 00:00:00 |w 2022-02-22 |y ARXIU | ||
| 999 | |c 81138 |d 81138 | ||